000 00542cab a2200205 4500
001 X3214
008 090401t1996 xxu||||| |||| 00| 0 eng d
035 _a(Sirsi) u29240
041 _aeng
245 _aHabermann v Koehler
260 _c1996
350 _a0
490 _aNew Property Cases
_v1996 NPC 45
520 _aCA 15 March 1996. Overriding interest. (NO PHOTOCOPYING ALLOWED)
650 _aOVERRIDING INTEREST
650 _aTIME EXPIRED
690 _aPROPERTY LAW AND PRACTICE-CASE LAW
942 _n0
948 _c04/03/1997
999 _c19689
_d19689